[Event "EU-ch blitz"]
[Site "Katowice"]
[Date "2017.12.15"]
[Round "9"]
[White "Kourousis, Epaminondas"]
[Black "Olszynski, Kazimierz"]
[Result "0-1"]
[WhiteElo "2393"]
[BlackElo "2151"]
[PlyCount "67"]
[EventDate "2017.12.15"]
[EventType "swiss (blitz)"]
[EventRounds "22"]
[EventCountry "POL"]
[SourceTitle "CBM 182 Extra"]
[Source "ChessBase"]
[SourceDate "2018.02.23"]
[SourceVersion "1"]
[SourceVersionDate "2018.02.23"]
[SourceQuality "1"]

1. d4 g6 2. e4 Bg7 3. Nf3 d6 4. c3 h6 5. Bd3 a6 6. 0-0 e6 7. Re1 Ne7 8. Nbd2 0-0 9. Nf1 b6 10. Ng3 Bb7 11. Be3 Nd7 12. Qd2 Kh7 13. h4 f5 14. h5 fxe4 15. Nxe4 Nf5 16. hxg6+ Kh8 17. Bf4 e5 18. dxe5 dxe5 19. Bh2 Qe7 20. Qe2 a5 21. Ng3 Nxg3 22. Bxg3 Bxf3 23. gxf3 Nc5 24. Bc2 Qg5 25. Kg2 Ne6 26. Qe4 Nf4+ 27. Kh1 Qh5+ 28. Bh2 Nh3 29. Re2 Rxf3 30. Rf1 Raf8 31. Bd1 R8f4 32. Qd5 Rh4 33. Qd8+ Rf8 34. Qd5 0-1

[Event "EU-ch blitz"]
[Site "Katowice"]
[Date "2017.12.15"]
[Round "11"]
[White "Olszynski, Kazimierz"]
[Black "Maier, Christian"]
[Result "0-1"]
[WhiteElo "2151"]
[BlackElo "2393"]
[PlyCount "59"]
[EventDate "2017.12.15"]
[EventType "swiss (blitz)"]
[EventRounds "22"]
[EventCountry "POL"]
[SourceTitle "CBM 182 Extra"]
[Source "ChessBase"]
[SourceDate "2018.02.23"]
[SourceVersion "1"]
[SourceVersionDate "2018.02.23"]
[SourceQuality "1"]

1. e4 e6 2. f4 d5 3. e5 h5 4. Nf3 a6 5. Be2 c5 6. 0-0 Nc6 7. c3 d4 8. d3 Nh6 9. Nbd2 Nf5 10. Ne4 Be7 11. Nfg5 g6 12. c4 b5 13. b3 Bb7 14. Bf3 Rc8 15. Qe2 Ba8 16. Ba3 Nb4 17. Bxb4 cxb4 18. cxb5 axb5 19. Rfc1 Rc3 20. Nf6+ Bxf6 21. exf6 Bxf3 22. Qxf3 0-0 23. g4 hxg4 24. Qxg4 Qxf6 25. Qh3 Qh8 26. Qf3 Rfc8 27. Re1 Qh4 28. Ne4 Rc2 29. h3 Kg7 30. Rf1 0-1

[Event "EU-ch blitz"]
[Site "Katowice"]
[Date "2017.12.15"]
[Round "3"]
[White "Olszynski, Kazimierz"]
[Black "Tomczak, Jacek"]
[Result "1/2-1/2"]
[WhiteElo "2151"]
[BlackElo "2588"]
[PlyCount "140"]
[EventDate "2017.12.15"]
[EventType "swiss (blitz)"]
[EventRounds "22"]
[EventCountry "POL"]
[SourceTitle "CBM 182 Extra"]
[Source "ChessBase"]
[SourceDate "2018.02.23"]
[SourceVersion "1"]
[SourceVersionDate "2018.02.23"]
[SourceQuality "1"]

1. e4 e6 2. f4 d5 3. e5 c5 4. Nf3 Nc6 5. Be2 f6 6. 0-0 Be7 7. c3 d4 8. d3 Nh6 9. Nbd2 0-0 10. exf6 Bxf6 11. Ne4 Be7 12. cxd4 Nxd4 13. Nxd4 Qxd4+ 14. Kh1 b6 15. Qb3 Qd5 16. Bf3 Bb7 17. Nf6+ Bxf6 18. Bxd5 Bxd5 19. Qc2 Nf5 20. Bd2 Bd4 21. Rae1 Rf6 22. h3 Rg6 23. Bc3 Ng3+ 24. Kh2 Nxf1+ 25. Rxf1 Rxg2+ 26. Qxg2 Bxg2 27. Kxg2 Rd8 28. Bxd4 Rxd4 29. Rf3 Kf7 30. Kf2 a5 31. Ke3 Rb4 32. Rf2 Kf6 33. a3 Rd4 34. Rg2 g6 35. h4 h6 36. h5 gxh5 37. Rg8 h4 38. Rg4 e5 39. fxe5+ Kxe5 40. Rg6 Rd6 41. Rg4 Kf5 42. Rxh4 Kg5 43. Rh1 Rd4 44. Rg1+ Rg4 45. Rf1 h5 46. Rf8 Rd4 47. Rg8+ Kf5 48. Rh8 h4 49. Rh6 b5 50. Rh5+ Kg4 51. Rxc5 Rd8 52. Rxb5 Rf8 53. Rxa5 h3 54. Ra7 h2 55. Rh7 Kg3 56. b4 Re8+ 57. Kd4 Kg2 58. a4 h1Q 59. Rxh1 Kxh1 60. b5 Ra8 61. Kc5 Rxa4 62. d4 Kg2 63. b6 Ra1 64. d5 Rc1+ 65. Kb5 Rb1+ 66. Kc6 Rc1+ 67. Kd6 Rb1 68. Kc7 Rc1+ 69. Kd6 Rb1 70. Kc6 Rc1+ 1/2-1/2

[Event "POL-chT 2nd League"]
[Site "Lazy"]
[Date "2012.09.04"]
[Round "4"]
[White "Olszynski, Kazimierz"]
[Black "Helis, Tadeusz"]
[Result "0-1"]
[WhiteElo "2185"]
[BlackElo "2235"]
[PlyCount "45"]
[EventDate "2012.09.01"]
[EventType "team-swiss"]
[EventRounds "9"]
[EventCountry "POL"]
[SourceTitle "EXT 2019"]
[Source "ChessBase"]
[SourceDate "2018.10.10"]
[SourceVersion "1"]
[SourceVersionDate "2018.10.10"]
[SourceQuality "1"]
[WhiteTeam "Prudnik LKS Zarzewie"]
[BlackTeam "Raciborz Silesia"]
[WhiteTeamCountry "POL"]
[BlackTeamCountry "POL"]

1. e4 c5 2. Nf3 e6 3. Nc3 Nc6 4. d4 cxd4 5. Nxd4 Qc7 6. Be2 a6 7. Be3 Nf6 8. 0-0 Bb4 9. Nxc6 bxc6 10. Qd4 Be7 11. e5 Nd5 12. Nxd5 cxd5 13. c4 dxc4 14. Rac1 Bb7 15. Rxc4 Qa5 16. Rd1 0-0 17. Qg4 Rfd8 18. b4 Qxe5 19. Bf4 Qb2 20. Bf1 Bc6 21. Qg3 g6 22. Be5 Qxa2 23. Bc3 0-1

[Event "Reykjavik IM"]
[Site "Reykjavik"]
[Date "2007.04.05"]
[Round "3"]
[White "Olszynski, Kazimierz"]
[Black "McNab, Colin Anderson"]
[Result "1/2-1/2"]
[WhiteElo "2256"]
[BlackElo "2418"]
[PlyCount "108"]
[EventDate "2007.04.04"]
[EventType "tourn"]
[EventRounds "9"]
[EventCountry "ISL"]
[EventCategory "3"]
[SourceTitle "CBM 117 Extra"]
[Source "ChessBase"]
[SourceDate "2007.05.09"]
[SourceVersion "1"]
[SourceVersionDate "2007.05.09"]
[SourceQuality "1"]

1. e4 g6 2. f4 d5 3. e5 c5 4. Nf3 Nc6 5. Be2 h5 6. c3 Bg4 7. 0-0 e6 8. Na3 Nh6 9. d3 Nf5 10. Nc2 Qb6 11. Rb1 Rd8 12. Kh1 Be7 13. Nfe1 Bxe2 14. Qxe2 Qa6 15. a3 d4 16. c4 b5 17. b4 bxc4 18. b5 cxd3 19. Qxd3 Qb6 20. a4 Na5 21. Na3 0-0 22. Bd2 Ne3 23. Bxe3 dxe3 24. Qxe3 c4 25. Qc3 Bxa3 26. Qxa3 Nb3 27. Nf3 Rd3 28. Qe7 Nd4 29. Nxd4 Qxd4 30. f5 exf5 31. e6 c3 32. Rbc1 Rd2 33. exf7+ Rxf7 34. Qe8+ Kg7 35. Qc6 Qxa4 36. Qxc3+ Qd4 37. Qc6 Re7 38. h3 Rd3 39. Rfe1 Rxe1+ 40. Rxe1 Rd1 41. Qc7+ Kh6 42. Rxd1 Qxd1+ 43. Kh2 Qd4 44. Qb8 h4 45. Qf8+ Kh5 46. Qb8 Kg5 47. Qb7 Kf4 48. Qc7+ Ke3 49. Qc6 Qb6 50. Qc4 Qd6+ 51. Kh1 g5 52. Qc1+ Ke2 53. Qxg5 Qd1+ 54. Kh2 Qd6+ 1/2-1/2

[Event "POL-chT 2nd League"]
[Site "Wysowa"]
[Date "2005.09.02"]
[Round "7.37"]
[White "Olszynski, Kazimierz"]
[Black "Slaby, Jerzy"]
[Result "1/2-1/2"]
[WhiteElo "2243"]
[BlackElo "2432"]
[PlyCount "40"]
[EventDate "2005.08.27"]
[EventType "team-swiss"]
[EventRounds "9"]
[EventCountry "POL"]
[SourceTitle "EXT 2019"]
[Source "ChessBase"]
[SourceDate "2018.10.10"]
[SourceVersion "1"]
[SourceVersionDate "2018.10.10"]
[SourceQuality "1"]
[WhiteTeam "Prudnik LKS Zarzewie"]
[BlackTeam "Pultusk Nadnarwianka"]
[WhiteTeamCountry "POL"]
[BlackTeamCountry "POL"]

1. e4 d5 2. e5 c5 3. f4 Nc6 4. Nf3 Bg4 5. Be2 e6 6. 0-0 Nge7 7. c3 h5 8. Na3 Nf5 9. Nc2 c4 10. Ne3 Bc5 11. Kh1 Nce7 12. Ng5 Bxe2 13. Qxe2 b5 14. d4 cxd3 15. Qxd3 Qb6 16. Nc2 Nc6 17. a4 b4 18. a5 Qb7 19. Be3 Nxe3 20. Nxe3 Ne7 1/2-1/2

[Event "POL-chT 58th 2nd League"]
[Site "Wisla"]
[Date "2002.??.??"]
[Round "?"]
[White "Olszynski, Kazimierz"]
[Black "Ziolkowski, Dawid"]
[Result "1-0"]
[WhiteElo "2263"]
[BlackElo "2171"]
[PlyCount "40"]
[EventDate "2002.08.30"]
[EventType "team-swiss"]
[EventRounds "11"]
[EventCountry "POL"]
[SourceTitle "EXT 2019"]
[Source "ChessBase"]
[SourceDate "2018.10.10"]
[SourceVersion "1"]
[SourceVersionDate "2018.10.10"]
[SourceQuality "1"]
[BlackTeam "Bydgoszcz Emdek"]
[BlackTeamCountry "POL"]

1. e4 c5 2. f4 Nc6 3. Nf3 d6 4. Be2 Nf6 5. d3 g6 6. 0-0 Bg7 7. c3 0-0 8. Na3 Rb8 9. Kh1 b5 10. Nc2 b4 11. c4 a5 12. Ne3 Ng4 13. Rb1 Ra8 14. Qe1 Nxe3 15. Bxe3 Bg4 16. Qh4 Bxf3 17. Rxf3 e6 18. Qg3 f5 19. e5 dxe5 20. Bxc5 Re8 1-0

[Event "POL-chT 2nd League South"]
[Site "Wisla"]
[Date "1998.??.??"]
[Round "?"]
[White "Olszynski, Kazimierz"]
[Black "Zowada, Kazimierz"]
[Result "0-1"]
[WhiteElo "2240"]
[BlackElo "2230"]
[PlyCount "119"]
[EventDate "1998.11.20"]
[EventType "team-swiss"]
[EventRounds "10"]
[EventCountry "POL"]
[SourceTitle "EXT 2000"]
[Source "ChessBase"]
[SourceDate "1999.11.16"]
[SourceVersion "1"]
[SourceVersionDate "1999.11.16"]
[SourceQuality "1"]

1. e4 g6 2. f4 d6 3. Nf3 Bg7 4. c3 Nf6 5. d3 c5 6. Qc2 0-0 7. Be2 Nc6 8. 0-0 Rb8 9. a4 e5 10. Na3 a6 11. Kh1 Qe7 12. Nc4 b5 13. axb5 axb5 14. fxe5 dxe5 15. Na5 Nxa5 16. Rxa5 Qc7 17. Ra1 Nh5 18. Be3 Nf4 19. Bd1 Rd8 20. Ne1 Bb7 21. Bf3 Ra8 22. Rxa8 Rxa8 23. Qf2 Bf8 24. g3 Ne6 25. h4 b4 26. c4 Bd6 27. Ng2 Bf8 28. Bg4 Bc8 29. Be2 Ra2 30. Bd1 Ng7 31. Bh6 Bh3 32. Kh2 Qd7 33. Be3 Be6 34. Bb3 Ra8 35. Bc2 b3 36. Bxb3 Qxd3 37. Bc2 Qxc4 38. Rc1 Qb5 39. Bd1 c4 40. Rc2 Ne8 41. h5 Nd6 42. Bf3 Nb7 43. Nh4 Nc5 44. hxg6 hxg6 45. Bg2 Nd3 46. Qf6 Bg7 47. Qg5 Rc8 48. Nf3 Nxb2 49. Nd4 Qa4 50. Nxe6 Qxc2 51. Nxg7 Nd1 52. Nf5 Nxe3 53. Nxe3 Qd2 54. Qg4 Rc5 55. Nd5 c3 56. Nf6+ Kg7 57. Qh4 c2 58. Ne8+ Kf8 59. Qh8+ Ke7 60. Nf6 0-1

[Event "Swidnica op rap"]
[Site "Swidnica"]
[Date "1997.??.??"]
[Round "?"]
[White "Prokopchuk, Evgeny"]
[Black "Olszynski, Kazimierz"]
[Result "1-0"]
[WhiteElo "2440"]
[BlackElo "2205"]
[PlyCount "47"]
[EventDate "1997.??.??"]
[EventType "swiss (rapid)"]
[EventRounds "9"]
[EventCountry "POL"]
[SourceTitle "EXT 2000"]
[Source "ChessBase"]
[SourceDate "1999.11.16"]
[SourceVersion "1"]
[SourceVersionDate "1999.11.16"]
[SourceQuality "1"]

1. c4 Nf6 2. Nc3 g6 3. e4 d6 4. d4 Bg7 5. Be2 0-0 6. Nf3 Bg4 7. h3 Bxf3 8. Bxf3 e5 9. d5 Nfd7 10. h4 f5 11. h5 Nf6 12. hxg6 hxg6 13. Bg5 Qe8 14. Qb3 b6 15. 0-0-0 Nbd7 16. Qc2 Nh7 17. Bd2 f4 18. Rdg1 Ndf6 19. g3 g5 20. gxf4 gxf4 21. Qd1 Qd7 22. Bh5 Rf7 23. Bg6 Kh8 24. Rxh7+ 1-0

[Event "Polanica Zdroj op"]
[Site "Polanica Zdroj"]
[Date "1996.??.??"]
[Round "4"]
[White "Pyda, Zbigniew"]
[Black "Olszynski, Kazimierz"]
[Result "1-0"]
[WhiteElo "2305"]
[BlackElo "2185"]
[PlyCount "119"]
[EventDate "1996.??.??"]
[EventType "swiss"]
[EventRounds "10"]
[EventCountry "POL"]
[SourceTitle "EXT 1998"]
[Source "ChessBase"]
[SourceDate "1997.11.17"]
[SourceVersion "1"]
[SourceVersionDate "1997.11.17"]
[SourceQuality "1"]

1. d4 Nf6 2. c4 g6 3. Nc3 Bg7 4. e4 d6 5. h3 0-0 6. Bg5 Nbd7 7. Bd3 e5 8. d5 h6 9. Be3 a5 10. Qd2 Kh7 11. g4 Nc5 12. Bc2 Nfd7 13. Nge2 Nb6 14. b3 a4 15. Rb1 axb3 16. axb3 Na6 17. Ra1 Bd7 18. Ng3 Nb4 19. 0-0 Qh4 20. Kg2 Nxc2 21. Qxc2 Rxa1 22. Rxa1 Nc8 23. f3 Qd8 24. h4 f5 25. exf5 gxf5 26. Nxf5 Bxf5 27. gxf5 Bf6 28. Qe4 Ne7 29. Ne2 c6 30. Ng3 Qd7 31. dxc6 bxc6 32. Ra7 Qe8 33. f4 Rf7 34. fxe5 dxe5 35. Nh5 Ng8 36. Nxf6+ Nxf6 37. Rxf7+ Qxf7 38. Qxc6 Qg7+ 39. Kf2 Kh8 40. Qa8+ Ng8 41. Qe8 Qf6 42. Qh5 Qa6 43. Kg3 Qd6 44. Qe8 Qf6 45. Qe6 Qg7+ 46. Qg6 Qe7 47. Bxh6 Qb7 48. b4 Qa7 49. Kf3 Qb7+ 50. Kg3 Qa7 51. c5 Qa3+ 52. Kg4 Qxb4+ 53. Kh5 Qb7 54. c6 Qe7 55. Bg5 Qa3 56. Bf6+ Nxf6+ 57. Qxf6+ Kh7 58. Qg6+ Kh8 59. f6 Qf3+ 60. Kh6 1-0